|
|
|
|
| LEADER |
00000nam a22000007a 4500 |
| 005 |
20170709235348.0 |
| 007 |
cr|||| |||| |
| 008 |
170709s2016 mx |||||s||||f00||0 spa d |
| 035 |
|
|
|a 20416
|
| 040 |
|
|
|a vLex
|
| 090 |
|
|
|c 6812
|d 6812
|
| 245 |
0 |
0 |
|a Escenarios y actores en el medio rural
|h [Recurso electrn̤ico] /
|
| 256 |
|
|
|a Servicio en ln̕ea
|
| 260 |
|
|
|a Ciudad de Mx̌ico:
|b Cm̀ara de Diputados,
|c 2016
|
| 300 |
|
|
|a 1 recurso electrn̤ico
|
| 500 |
|
|
|a El CEDRSSA cumpliendo con el props̤ito de sumar esfuerzos logr ̤congregar a consultores con gran experiencia profesional y a investigadores de la Universidad Autn̤oma Chapingo para realizar cinco estudios que tienen que ver con la problemt̀ica del campo y/o mandatos de la Ley de Desarrollo Rural Sustentable y un seguimiento a la demanda de los actores rurales. Dichos textos se presentan compilados en el presente libro bajo el tt̕ulo Escenarios y actores en el medio rural, el cual forma parte de la coleccin̤ Estudios e Investigaciones. Los lectores encontrarǹ en estas pg̀inas diagns̤ticos crt̕icos y fundamentados acerca de los cambios econm̤icos, culturales y ambientales, principalmente, que se han producido en el campo mexicano en las l︢timas dčadas, lo que ha obligado a crear conceptos y a examinar con mayor detenimiento la nueva condicin̤ de los pobladores rurales y sus perspectivas de mejoramiento.
|
| 506 |
1 |
|
|a Disponible solo en los productos indicados
|d vLex Global
|d vLex Global (Academic Edition, excluding Law Schools)
|d vLex Global (U.S. Academic Edition, Law Schools)
|d vLex Global (U.S. Academic Edition, excluding Law Schools)
|d vLex Global (Academic Edition, Law Schools)
|
| 650 |
0 |
4 |
|a Derecho Civil
|z Mx̌ico
|
| 650 |
0 |
4 |
|a Derecho Laboral y Seguridad Social
|z Mx̌ico
|
| 650 |
0 |
4 |
|a Derecho Pb︢lico y Administrativo
|z Mx̌ico
|
| 650 |
0 |
4 |
|a Derecho del Medio Ambiente
|z Mx̌ico
|
| 650 |
0 |
4 |
|a Derecho Constitucional
|z Mx̌ico
|
| 740 |
0 |
|
|a vLex Libros (Servicio en ln̕ea)
|
| 856 |
4 |
0 |
|u http://vlex.com/source/escenarios-y-actores-en-el-medio-rural-20416
|z Acceso restringido
|
| 942 |
|
|
|c BOOK
|
| 999 |
0 |
|
|a Civil Law
|
| 999 |
0 |
|
|a Labor Law and Social Security
|
| 999 |
0 |
|
|a Public and Administrative Law
|
| 999 |
0 |
|
|a Environmental Law
|
| 999 |
0 |
|
|a Constitutional Law
|